Practice of Petri nets in m

Saved in:
Bibliographic Details
Other Authors: DiCesare, Frank
Format: Book
Language:English
Published: London ; New York : Chapman & Hall, 1993
Subjects:
Tags: Add Tag
No Tags, Be the first to tag this record!

MARC

LEADER 00000nam a2200000 i 4500
001 1/54078
008 951030s1993 eng d
020 |a 0-412-41230-6 
035 |1 ΕΛΗ  |a 1995  |b 2410  |c ΠΑΠΑΔΟΠΟΥΛΟΣ  |l 10044891 
040 |a GR-MY-UA  |b gre  |e aacr 
041 0 |a eng 
082 0 |a 670.427 
245 1 0 |a Practice of Petri nets in m /  |c F. DiCesare...[et al.]. 
260 |a London ; New York :   |b Chapman & Hall,   |c 1993 
300 |a viii, 295 p.;  |b ill.;  |c 24 cm. 
500 |a Includes bibliographical references and index 
650 0 0 |a Flexible manufacturing systems  |x Mathematical models. 
650 0 0 |a Petri nets. 
650 0 0 |a Production control  |x Mathematical models. 
700 1 |a DiCesare, Frank. 
852 |a INST  |b SAMOS  |e 19951030  |h 670.427 PRA  |p 005300012059  |q 005300012059  |t BK  |y 0 
901 |a BIBL-1997-2 
909 |a Σ  |b 051473